00339nam a2200109Ia 4500008004100000245010500041260003500146260000900181300001000190500001300200650001600213170224s9999 xx 000 0 und d aChild temperament and parental depression predict cortisol reactivity to stress in middle childhood. bJournal of Abnormal Psychology c2014 a123:1 aFebruary xPsychology.